01060 2200157 4500245006200000250001000062100001100072650002000083005001900103260002500122041001400147084000800161300002300169500070100192336000900893 aAntalogi cerpen b : Kata Yang Tak TerucapcSclayehText aCet.1 aSclaye aAntologi Cerpen a20250131082206 aJakartabUWAISc2024 aIndonesia a081 a70 hlm. . :c20 cm a"Sudah sangat lama, bahkan hampir saja tidak pernah lagi untuk aku yang memperhatikan perasaab diri sendiri. Aku sangat sering menaruh perasaan terhadap orang lain sangat dalam sampai akhirnya sakit sendirian, dan tidak memikirkan perasaan yang aku punya ini. Aku jadi banyak belajar, untuk peduli atau lebih dulu mementingkan perasaan sendiri. Mementingkan atau memikirkan perasaaan sendiri sama saja egois bukan? Tapi egois ini dalam arti untuk tidak menyakiti diri sendiri. Belajar dari masalah ini, untuk tidak mempertahankan hubungan yang seharusnya memang sudah tidak bisa dipertahankan. Mempertahankan hanya karena alasan masih sayang, sama saja mempertahankan kesedihan di hidupnya. " atext